Harry Potter- tout sur la saga - Statistiques

Statistiques générales
  • Ce quiz a été pris 6 329 fois
  • Le résultat moyen est 87 sur 121
Statistiques - réponses
Sujets Réponse % Correct
Père et Fils Potter Harry
99%
Cadet Weasley Ron
99%
Horcruxe | Participant au tournoi des 3 sorciers Poudlard | Personnage principal Harry Potter
98%
Personnage principal Hermione Granger
97%
Auteure J.K Rowling
97%
Personnage principal Ron Weasley
97%
Directeur #1 Albus Dumbledore
95%
Directeur #3 Severus Rogue
93%
Livre #1 Harry Potter à l'école des sorciers
91%
Livre #2 Harry Potter et la chambre des secrets
91%
Livre #4 Harry Potter et la coupe de feu
90%
Livre #7 Harry Potter et les reliques de la mort
90%
Balle de Quidditch Le Vif d'or
90%
Horcruxe | Serpent de Voldemort Nagini
90%
Livre #6 Harry Potter et le prince de sang-mêlé
89%
Livre #5 Harry Potter et l'ordre du phénix
89%
Couleur de Gryffondor Rouge et Or
89%
Jumeau Weasley #1 Fred
88%
Fils Jumeau #2 Fred Jr.
88%
Jumeau Weasley #2 George
88%
Cadete Weasley Ginny
88%
Livre #3 Harry Potter et le prisonnier d'Azkaban
88%
Emblème de Serpentard Un Serpent
88%
Relique de la mort La cape d'invisibilité
87%
Fille Grand-frère #3 | Mère Weasley Molly
87%
Père Weasley Arthur
86%
Directeur #2 Dolores Ombrage
86%
Relique de la mort La Baguette de sureau
86%
Armée fondée par Albus Dumbledore L'Ordre du phénix
86%
Participant au tournoi des trois sorciers Beauxbâtons Fleur Delacour
85%
Horcruxe Le diadème de Rowena Serdaigle
85%
Directeur #4 Minerva McGonagall
85%
Grand-frère Weasley #3 Percy
85%
Emblème de Serdaigle Un Aigle
85%
Emblème de Gryffondor Un Lion
85%
Grand-frère Weasley #1 Bill
84%
Balle de Quidditch Le Cognard
84%
Mère Potter Lily
84%
Ecole de sorcellerie Poudlard
84%
Fils Potter #2 Albus Severus
83%
Grand-frère Weasley #2 Charlie
83%
Père Potter James
83%
Horcruxe Le médaillon de Salazar Serpentard
83%
Patronus de Fred Weasley | Patronus de George Weasley Pie
83%
Horcruxe La coupe de Helga Poufsouffle
82%
Relique de la mort La pierre de résurrection
82%
Père Malefoy Lucius
82%
Participant au tournoi des 3 sorciers Durmstrang Viktor Krum
82%
Participant au tournoi des 3 sorciers Poudlard Cedric Diggory
81%
Patronus de Harry Potter | Patronus de James Potter Cerf
81%
Animagus de Minerva McGonagall | Patronus de Dolores Ombrage | Patronus de Minerva McGonagall Chat
81%
Chouette de Harry Potter Hedwige
81%
Balle de Quidditch Le Souaffle
81%
Fondateur Rowena Serdaigle
81%
Fondateur Salazar Serpentard
81%
Père et Fils Malefoy Drago
80%
Fondateur Helga Poufsouffle
80%
Hippogryffe de Hagrid Buck
79%
Fondateur Godric Gryffondor
79%
Patronus de Lily Potter | Patronus de Severus Rogue Biche
78%
Mère Malefoy Narcissa
78%
Armée fondée par Harry Potter L'Armée de Dumbledore
77%
Ecole de sorcellerie Beauxbâtons
76%
Emblème de Poufsouffle Un Blaireau
76%
Rat de Ron Croûtard
75%
Horcruxe Le journal de Tom Jedusor
75%
Armée fondée par Voldemort Les Mangemorts
74%
Couleur de Serpentard Vert et Argent
74%
Couleur de Poufsouffle Jaune et Noir
73%
Chat de Hermione Pattenrond
73%
Patronus de Hermione Granger Loutre
72%
Livre #8 Harry Potter et l'enfant maudit
71%
Fantôme de Gryffondor Nick-Quasi-Sans-Tête
68%
Patronus de Rémus Lupin Loup
66%
Chien de Hagrid Crockdur
65%
Fantôme de Serpentard Le Baron sanglant
63%
Patronus de Albus Dumbledore Phénix
63%
Dragon de Hagrid Norbert
62%
Esprit frappeur de Poudlard Peeves
62%
Cour Potions
58%
Fils Potter #1 James Sirius
57%
Fantôme de Serdaigle La Dame grise
57%
Patronus de Ginny Weasley Cheval
56%
Fille Potter Lily Luna
56%
Couleur de Serdaigle Bleu et Bronze
55%
Horcruxe La bague des Gaunt
54%
Fils Malefoy Scorpius
54%
Cour Vol
54%
Fille Cadet Rose
53%
Fantôme de Poufsouffle Le Moine gras
52%
Cour Métamorphose
52%
Cour Sortillèges
52%
Patronus de Luna Lovegood Lièvre
51%
Cour Divination
48%
Fils Cadet Hugo
46%
Cour Botanique
44%
Cour Astronomie
39%
Cour Etude des moldus
39%
Animagus de Sirius Black Chien noir
37%
Fille Grand-frère #1 Victoire
37%
Cour Soins aux créatures magiques
36%
Cour Etude des runes
33%
Patronus de Cho Chang Cygne
30%
Patronus de Arthur Weasley Belette
27%
Patronus de Abelforth Dumbledore Bouc
27%
Patronus de Ron Weasley Jack Russell terrier
26%
Fils #2 Grand-frère #1 Louis
25%
Patronus de Seamus Finnigan Renard
24%
Fille Jumeau #2 Roxanne
24%
Fils 1# Grand-frère #1 Dominique
23%
Fille Grand-frère #3 Lucy
20%
Ecole de sorcellerie Durmsrang
8%
Aucun quiz correspondant
Distribution des résultats
% des personnes avec chaque résultat
Percentile par nombre de réponses
Votre historique - résultats
Vous n’avez pas pris ce quiz